Quiz o Mateuszu Ewangeliście - Statystyki

Ogólne statystyki
  • Ten quiz został rozwiązany 11 razy
  • Średni wynik to 3 z 8
Statystyki odpowiedzi
Wskazówka Odpowiedź % Poprawnych
Przybliżony rok śmierci 60
67%
Drugie imię Mateusza Lewi
56%
W tym mieście był on poborcom podatkowym Kafarnaum
44%
Znaczenie jego imienia dar Jahwe
33%
Miasto, z którego pochodził Nazaret
33%
Mateusz jest patronem celników/bankowców/komorników/księgowych/poborców podatkowych
22%
Dzień, w którym jest on wspominany w Kościele Katolickim 21 września
11%
Włoskie miasto, w którym znajduje się jego grób Salerno
11%
Nie znaleziono quizów pasujących do podanych kryteriów
Rozkład punktacji
Procent ludzi z każdym wynikiem
Percentyl według liczby udzielonych odpowiedzi
Twoja historia wyników
Nie rozwiązałeś tego quizu